=LDR 00000nam 2200000 4500 =001 INLIS000000000012519 =005 20130612104031 =008 ***********************************eng** =035 ##$$0010-061300000012519 =041 ##$$a eng =082 ##$$a 425 =090 ##$$a 425, Tho p =100 ##$$a Thomson, A.J =245 ##$$a A Practical English Grammar Exercises 1, A.J.Thomson, A.V.Matinet =260 ##$$a 1986 $b Hongkong =300 ##$$a ...Jil, 21 cm =650 ##$$a Bahasa Inggris =700 ##$$a Martinet, A.V =850 ##$$a NBPNMAT =990 ##$$a 0001/BPAP-NTB/20142014 =990 ##$$a 21602357/BPAP-NTB/2017